Дело по отношению Департамента Министерства юстиции об утрате дела о государственном крестьянине Дружинине

Доступно только в Электронных читальных залах Найти на картеНа карте
RUSMARC
00003718nmc2a22000003x 450
00175a8508e-087e-4d39-8e12-e8b8fb18998f
00520200218130634.0
100##$a20180615l18591862k l0rusy0189 ca
1010#$arus
102##$aRU
2001#$aДело по отношению Департамента Министерства юстиции об утрате дела о государственном крестьянине Дружинине
$j6 июня 1859 г. - 30 октября 1862 г.
251##$cДело
300##$aДело
801#0$aRU
$bРГИА
$c20180615
$gRCR
801#1$aRU
$bГлавНИВЦ
$c20180615
$2rusmarc
801#2$aRU
$bПБ им. Б.Н. Ельцина
$c20200218
$gRCR
$2rusmarc
850##$aРГИА
852##$aРГИА
$eФедеральное казенное учреждение "Российский государственный исторический архив" (РГИА)
$j721
937##$hРГИА
$d12280911
$aASBIBLIO_SCAN
462#0$1001d19c2cf6-b766-4575-a5cf-1d8438615c93
$12001
$aДела Департамента полиции исполнительной МВД за 1859 год
$1251
$cОпись
$1852
$j20
$l1859 г.
461#0$10013e300ed0-cd39-49af-8489-5ba5b90fa401
$12001
$aДепартамент полиции исполнительной МВД
$1251
$cФонд
$1852
$j1286
215##$a12 л.
$d36,5х26 см
371##$aДокумент не является опубликованным и широко распространяемым
105##$ay###
1222#$ad
035##$a75a8508e-087e-4d39-8e12-e8b8fb18998f
856##$uhttp://readingroom.main.prlib.ru/item.aspx?id_node=n140388855&mode=full
Формат отображения